000 00739nam a2200241 i 4500
001 bg
100 1 _aWRONKOWSKA, Sławomira
245 1 0 _aZarys teorii prawa /
_cSławomira Wronkowska, Zygmunt Ziembiński.
260 _aPoznań :
_b"Ars Boni et Aequi",
_c2001.
300 _a257 s. :
_brys. ;
_c24 cm.
504 _aBibliogr. przy rozdz. - Indeksy.
650 9 _aPrawo
_xteoria
655 _aPodręczniki akademickie
700 1 _aZIEMBIŃSKI, Zygmunt
020 _a8387148105
040 _cBPK
041 0 _apl
080 _a340.12(075.8)
920 _a83-87148-10-5
942 _cKS
008 s pl f |000 0 pol
999 _c41781
_d41781
856 _uhttp://koha.tu.koszalin.pl/cgi-bin/koha/opac-detail.pl?biblionumber=41781
_yKatalog online BPK